LEADER 01187nam 2200361 450 001 996215876803316 005 20180302195244.0 010 $a89-960761-0-4 035 $a(CKB)1000000000711369 035 $a(WaSeSS)IndRDA00093328 035 $a(EXLCZ)991000000000711369 100 $a20180302d2008 || | 101 0 $aeng 135 $aur||||||||||| 181 $ctxt$2rdacontent 182 $cc$2rdamedia 183 $acr$2rdacarrier 200 10$a2008 International Conference on Information Networking $e23-25 January 2008 210 1$aNew York :$cIEEE,$d2008. 215 $a1 online resource (96 pages) 311 $a89-960761-1-2 606 $aWireless communication systems$xManagement$vCongresses 606 $aComputer networks$xManagement$vCongresses 606 $aInformation networks$xManagement$vCongresses 615 0$aWireless communication systems$xManagement 615 0$aComputer networks$xManagement 615 0$aInformation networks$xManagement 801 0$bWaSeSS 801 1$bWaSeSS 906 $aPROCEEDING 912 $a996215876803316 996 $a2008 International Conference on Information Networking$92505768 997 $aUNISA